Przystanki linii autobusowej K we Wrocławiu - Statystyki

Ogólne statystyki
  • Ten quiz został rozwiązany 68 razy
  • Średni wynik to 18 z 27
Statystyki odpowiedzi
Przystanek % Poprawnych
Gaj
91%
Rynek
88%
Dworzec Główny
86%
Gaj - Pętla
86%
Kamieńskiego
84%
Dworzec Autobusowy
80%
Galeria Dominikańska
79%
Pomorska
79%
Pomorska
79%
Kamieńskiego (Pętla)
75%
Świdnicka
75%
Borowska
71%
Bałtycka
70%
Bezpieczna
64%
Kamieńskiego Szpital
64%
Świeradowska
64%
Różanka
63%
Mosty Pomorskie
61%
Kleczkowska
59%
Broniewskiego
57%
Most Osobowicki
57%
Śliczna
55%
Działkowa
52%
Łużycka
46%
Plac Strzelecki
43%
Jutrosińska
38%
Mochnackiego
29%
Nie znaleziono quizów pasujących do podanych kryteriów
Rozkład punktacji
Procent ludzi z każdym wynikiem
Percentyl według liczby udzielonych odpowiedzi
Twoja historia wyników
Nie rozwiązałeś tego quizu